Statistics for Shia...or Sunni

Click here to take the quiz!

General Stats

  • This quiz has been taken 142 times
    (141 since last reset)
  • The average score is 14 of 19

Answer Stats

QuestionAnswer% Correct
EgyptSunni
94%
IranShia
92%
Saudi ArabiaSunni
92%
AlgeriaSunni
91%
QatarSunni
88%
IndonesiaSunni
88%
PakistanSunni
87%
SomaliaSunni
85%
KuwaitSunni
81%
IraqShia
79%
ArmeniaNeither
74%
GeorgiaNeither
74%
AzerbaijanShia
72%
YemenSunni
64%
NigeriaSunni
64%
Sri LankaNeither
61%
BahrainShia
58%
EthiopiaNeither
54%
LebanonNeither
8%

Score Distribution

Percentile by Number Answered

Percent of People with Each Score

Your Score History

You have not taken this quiz since the last reset